[Event "XXV Weekend B"]
[Site "Robecchetto con Induno ITA"]
[Date "2014.12.28"]
[Round "4"]
[White "Beltrami, Jacopo"]
[Black "Corbelli, Daniele"]
[WhiteElo "1642"]
[BlackElo "1353"]
[Result "1-0"]
[PlyCount "65"]
[EventDate "2014.12.26"]

1. e4 e5 2. Nf3 Nc6 3. Bc4 Nf6 4. Ng5 d5 5. exd5 Na5 6. Bb5+ c6 7. dxc6 bxc6 8.
Be2 h6 9. Nh3 Be7 10. d3 c5 11. Nc3 Bb7 12. Bf3 e4 13. Nxe4 Nxe4 14. Bxe4 Bxe4
15. dxe4 Qc7 16. Nf4 Qe5 17. Qd5 Qb8 18. O-O O-O 19. Ng6 Qc7 20. Bf4 Qd8 21.
Qxd8 Bxd8 22. Nxf8 Kxf8 23. Bd6+ Kg8 24. b3 Nb7 25. Rfd1 Rc8 26. c4 Rc6 27. Bf4
Bf6 28. e5 g5 29. exf6 gxf4 30. Rd7 Nd6 31. Rd1 Ne4 32. f3 Nxf6 33. R7d6 1-0

[Event "XXV Weekend B"]
[Site "Robecchetto con Induno ITA"]
[Date "2014.12.28"]
[Round "4"]
[White "Bonuglia, Gabriele"]
[Black "Monzeglio, Graziella"]
[WhiteElo "1428"]
[BlackElo "1224"]
[Result "0-1"]
[PlyCount "114"]
[EventDate "2014.12.26"]

1. e4 d5 2. exd5 Qxd5 3. Nc3 Qe5+ 4. Be2 c6 5. Nf3 Qc7 6. O-O Bf5 7. d4 e6 8.
Nh4 Ne7 9. Nxf5 Nxf5 10. Re1 Bd6 11. h3 O-O 12. Bg4 Nd7 13. Bxf5 exf5 14. d5
Ne5 15. Bf4 Rad8 16. Bxe5 Bxe5 17. Qf3 Bxc3 18. Qxc3 Rxd5 19. Rad1 Rxd1 20.
Rxd1 h6 21. b4 Rd8 22. Rxd8+ Qxd8 23. Qc5 Qb6 24. Qxb6 axb6 25. Kf1 Kf8 26. Ke2
Ke7 27. Ke3 g5 28. f4 f6 29. a4 Kd6 30. fxg5 fxg5 31. Kd4 c5+ 32. Kc4 cxb4 33.
Kxb4 Kc6 34. c4 h5 35. Kc3 Kc5 36. g3 f4 37. gxf4 gxf4 38. Kd3 Kb4 39. Ke4 Kxa4
40. Kxf4 Kb4 41. Kg5 Kxc4 42. Kxh5 b5 43. Kg5 b4 44. h4 b3 45. h5 b2 46. h6
b1=Q 47. Kf6 Qb6+ 48. Kg7 Qd4+ 49. Kg8 Qd5+ 50. Kh8 Kd4 51. h7 Ke5 52. Kg7 Qd7+
53. Kg8 Qe6+ 54. Kg7 Qf6+ 55. Kg8 b5 56. h8=Q Qxh8+ 57. Kxh8 b4 0-1

[Event "XXV Weekend B"]
[Site "Robecchetto con Induno ITA"]
[Date "2014.12.28"]
[Round "4"]
[White "Carando, Enrica"]
[Black "Sacchi, Luca"]
[WhiteElo "1362"]
[BlackElo "1360"]
[Result "1-0"]
[PlyCount "61"]
[EventDate "2014.12.26"]

1. e4 e5 2. Nf3 Nc6 3. Nc3 Nf6 4. d4 exd4 5. Nxd4 Nxd4 6. Qxd4 d6 7. Bg5 c5 8.
Qd2 Be7 9. Bxf6 Bxf6 10. O-O-O Be7 11. Nb5 a6 12. Nxd6+ Bxd6 13. Qxd6 Qxd6 14.
Rxd6 O-O 15. Be2 Be6 16. b3 Rfc8 17. Rhd1 b5 18. Bf3 Rab8 19. Rxa6 c4 20. Kb1
cxb3 21. axb3 Rc7 22. Rad6 Rcc8 23. e5 Bf5 24. R1d2 g6 25. h3 b4 26. g4 Be6 27.
Bd5 Bxd5 28. R2xd5 Kf8 29. Rd4 Kg7 30. Re4 Re8 31. Rdd4 1-0

[Event "XXV Weekend B"]
[Site "Robecchetto con Induno ITA"]
[Date "2014.12.28"]
[Round "4"]
[White "Cavagna, Marco"]
[Black "Rigotti, Gianluigi"]
[WhiteElo "1516"]
[BlackElo "1564"]
[Result "1-0"]
[PlyCount "121"]
[EventDate "2014.12.26"]

1. d4 f5 2. c4 Nf6 3. Nc3 g6 4. Nf3 Bg7 5. e3 O-O 6. Bd3 d6 7. O-O e6 8. b4 c6
9. Bb2 Nbd7 10. c5 d5 11. Re1 b6 12. a4 bxc5 13. bxc5 Ne4 14. Qc2 a5 15. Rab1
e5 16. Ne2 Nxf2 17. Nxe5 Nxe5 18. dxe5 Ng4 19. Nd4 Nxe5 20. Be2 Qc7 21. Rf1 Ba6
22. Ne6 Qd7 23. Nxf8 Kxf8 24. Bxa6 Rxa6 25. Bd4 Ra8 26. Rb6 Nc4 27. Rb3 Bxd4
28. exd4 Re8 29. Rfb1 Qe7 30. Qf2 Qe2 31. Qxe2 Rxe2 32. Rb8+ Kg7 33. R8b7+ Kh6
34. Rc7 Ra2 35. Rxc6 Rxa4 36. Re6 Nd2 37. Rc1 Rxd4 38. c6 Nb3 39. Rce1 Rc4 40.
Rd6 d4 41. Rd1 a4 42. Rd3 Kg5 43. g3 Kg4 44. Kg2 Rc2+ 45. Kg1 Kh3 46. Rd7 h5
47. c7 Rc1+ 48. Kf2 Rc6 49. Rg7 Kxh2 50. Kf3 Kh3 51. Rxg6 Rxc7 52. Rg5 Rh7 53.
Rxf5 Rh6 54. Rd1 Kh2 55. Rf4 h4 56. Rxh4+ Rxh4 57. gxh4 a3 58. h5 a2 59. h6
Nd2+ 60. Kf2 Nb1 61. h7 1-0

[Event "XXV Weekend B"]
[Site "Robecchetto con Induno ITA"]
[Date "2014.12.28"]
[Round "4"]
[White "Cella, Pietro"]
[Black "Castoldi, Andrea"]
[WhiteElo "1466"]
[BlackElo "1419"]
[Result "1-0"]
[PlyCount "29"]
[EventDate "2014.12.26"]

1. d4 d5 2. c4 e6 3. Nc3 Nf6 4. Nf3 c6 5. Bg5 Be7 6. e3 Nbd7 7. Bd3 Qa5 8. O-O
O-O 9. Qc2 Re8 10. cxd5 cxd5 11. a3 Qc7 12. Rac1 a6 13. Bf4 Qd8 14. Ne2 g6 15.
Bc7 1-0

[Event "XXV Weekend B"]
[Site "Robecchetto con Induno ITA"]
[Date "2014.12.28"]
[Round "4"]
[White "Ciochetta, Giovanni"]
[Black "Nava, Mario"]
[WhiteElo "1587"]
[BlackElo "1241"]
[Result "1-0"]
[PlyCount "71"]
[EventDate "2014.12.26"]

1. e4 c5 2. Nf3 e6 3. d4 cxd4 4. Nxd4 Nf6 5. Nc3 d6 6. Bg5 Be7 7. Qd3 a6 8.
O-O-O Bd7 9. g3 Nc6 10. Bxf6 Bxf6 11. Nxc6 Bxc6 12. f3 Be7 13. Kb1 O-O 14. Qe3
Bf6 15. Bc4 Qc7 16. Rd3 Rfd8 17. Rhd1 Be5 18. f4 Bxc3 19. Rxc3 Qe7 20. Rcd3 b5
21. Bb3 h6 22. Rd4 Qa7 23. Qd2 d5 24. exd5 exd5 25. Bxd5 Rac8 26. Bxf7+ Qxf7
27. Rxd8+ Rxd8 28. Qxd8+ Kh7 29. b3 Qf5 30. Rd2 Be4 31. Qd6 a5 32. Qe5 a4 33.
Qxf5+ Bxf5 34. Rd5 Bg6 35. Rxb5 axb3 36. axb3 1-0

[Event "XXV Weekend B"]
[Site "Robecchetto con Induno ITA"]
[Date "2014.12.28"]
[Round "4"]
[White "Della Peruta, Lorenzo"]
[Black "Negro, Andrea"]
[WhiteElo "1522"]
[BlackElo "1389"]
[Result "1/2-1/2"]
[PlyCount "128"]
[EventDate "2014.12.26"]

1. e4 c5 2. c3 Nf6 3. e5 Nd5 4. d4 cxd4 5. cxd4 d6 6. Nf3 Nc6 7. Bc4 Nb6 8. Bb5
Bd7 9. Nc3 a6 10. Bxc6 Bxc6 11. d5 Bd7 12. exd6 exd6 13. O-O Be7 14. Bf4 O-O
15. h3 Bf5 16. Qb3 Bd3 17. Rfd1 Bc4 18. Qc2 Bf6 19. Nd4 Rc8 20. Qd2 Nxd5 21.
Nxd5 Bxd5 22. Nf5 Be4 23. Nxd6 Rc2 24. Qe3 Bg6 25. Nxf7 Qe7 26. Nd6 Qxe3 27.
Bxe3 Rxb2 28. f3 Re2 29. Bd4 Bxd4+ 30. Rxd4 Rd8 31. Rdd1 Rb2 32. a4 Rb6 33. Nc4
Rxd1+ 34. Rxd1 Rb4 35. Nd6 b6 36. Rc1 Rb1 37. Rxb1 Bxb1 38. Nc4 b5 39. axb5
axb5 40. Na3 Bd3 41. Kf2 Kf7 42. Ke3 Bf1 43. Kf2 Bd3 44. g4 Ke6 45. Ke3 Bf1 46.
h4 Kd5 47. f4 b4 48. Nb1 b3 49. h5 Bg2 50. Nd2 b2 51. g5 Bh3 52. h6 g6 53. Ne4
b1=Q 54. Nc3+ Ke6 55. Nxb1 Bf5 56. Nc3 Bc2 57. Ne4 Bxe4 58. Kxe4 Ke7 59. Ke5
Kf7 60. Kd6 Kg8 61. Ke6 Kf8 62. Kf6 Kg8 63. f5 gxf5 64. Kxf5 Kf7 1/2-1/2

[Event "XXV Weekend B"]
[Site "Robecchetto con Induno ITA"]
[Date "2014.12.28"]
[Round "4"]
[White "Koureas, Panicos"]
[Black "Madaschi, Sergio"]
[WhiteElo "1441"]
[BlackElo "1498"]
[Result "1/2-1/2"]
[PlyCount "53"]
[EventDate "2014.12.26"]

1. e4 c5 2. Nc3 Nc6 3. f4 e6 4. Nf3 g6 5. Bb5 Nge7 6. O-O Bg7 7. d3 O-O 8. Qe1
a6 9. Bxc6 Nxc6 10. Qf2 b6 11. Kh1 Bb7 12. Ne2 d5 13. Ng3 dxe4 14. dxe4 f6 15.
c3 Qc7 16. Qc2 Kh8 17. Be3 Rad8 18. Rad1 Rxd1 19. Rxd1 Rd8 20. Rxd8+ Nxd8 21.
Qa4 Qc6 22. Qd1 Nf7 23. h3 Qd6 24. Nd2 Qd3 25. Qe2 Qxe2 26. Nxe2 Nd6 27. Ng3
1/2-1/2

[Event "XXV Weekend B"]
[Site "Robecchetto con Induno ITA"]
[Date "2014.12.28"]
[Round "4"]
[White "Loggia, Davide"]
[Black "Gonella, Graziano"]
[WhiteElo "1392"]
[BlackElo "1174"]
[Result "1-0"]
[PlyCount "133"]
[EventDate "2014.12.26"]

1. c4 e5 2. g3 Nf6 3. Bg2 c5 4. Nc3 Nc6 5. d3 d6 6. Nf3 Bg4 7. O-O g6 8. a3 Bg7
9. Qa4 O-O 10. b4 Bd7 11. Qb3 Rb8 12. e3 Re8 13. Bb2 Qc8 14. Rad1 Bh3 15. Nb5
Rd8 16. bxc5 Bxg2 17. Kxg2 dxc5 18. Nxe5 a6 19. Nxf7 Kxf7 20. a4 axb5 21. cxb5+
Kf8 22. Bxf6 Bxf6 23. bxc6 bxc6 24. Qc4 Qf5 25. e4 Qe5 26. f4 Qb2+ 27. Rf2 Qd4
28. Qe6 Rd6 29. Qa2 Rb2 30. Rxb2 Qxb2+ 31. Qxb2 Bxb2 32. a5 c4 33. a6 c5 34. a7
Ra6 35. dxc4 Rxa7 36. Rd5 Bd4 37. e5 Ra2+ 38. Kh3 Bg1 39. Kg4 Rxh2 40. Kg5 Rc2
41. Kf6 Ke8 42. e6 Ra2 43. Rd7 Bd4+ 44. Kg5 Re2 45. Rxh7 Rxe6 46. Ra7 Bf6+ 47.
Kxg6 Bh4+ 48. Kf5 Rf6+ 49. Kg4 Bxg3 50. Kxg3 Rg6+ 51. Kf3 Kd8 52. Ke4 Rb6 53.
Kd5 Rf6 54. Ke4 Rb6 55. Ra5 Ke7 56. f5 Kf8 57. Rxc5 Kg7 58. Rc7+ Kh6 59. f6 Kg6
60. Kd5 Rxf6 61. Rc6 Kf5 62. Rxf6+ Kxf6 63. Kd6 Kf5 64. c5 Ke4 65. c6 Kd4 66.
c7 Ke4 67. c8=Q 1-0

[Event "XXV Weekend B"]
[Site "Robecchetto con Induno ITA"]
[Date "2014.12.28"]
[Round "4"]
[White "Marchesotti, Giovanni"]
[Black "Ferri, Antonio"]
[WhiteElo "1475"]
[BlackElo "1646"]
[Result "0-1"]
[PlyCount "38"]
[EventDate "2014.12.26"]

1. f4 d5 2. Nf3 Nc6 3. e3 e6 4. b3 Nf6 5. Bb2 Be7 6. Be2 O-O 7. O-O b6 8. Ne5
Nxe5 9. fxe5 Nd7 10. Na3 c6 11. Qc1 a5 12. c4 Ba6 13. Nc2 Qc7 14. d4 f6 15.
exf6 Nxf6 16. Qd1 Bd6 17. Kh1 Ne4 18. Rxf8+ Rxf8 19. Bf3 Nf2+ 0-1

[Event "XXV Weekend B"]
[Site "Robecchetto con Induno ITA"]
[Date "2014.12.28"]
[Round "4"]
[White "Miracola, Giuseppe"]
[Black "Mori, Claudio"]
[WhiteElo "1181"]
[BlackElo "1377"]
[Result "1-0"]
[PlyCount "45"]
[EventDate "2014.12.26"]

1. e4 c5 2. Nc3 Nc6 3. Bc4 e6 4. a3 Nf6 5. d3 Be7 6. f4 d6 7. Nf3 O-O 8. O-O b5
9. Bxb5 Bb7 10. Bxc6 Bxc6 11. e5 dxe5 12. fxe5 Nd5 13. Qe1 a5 14. Qg3 Kh8 15.
a4 Rb8 16. Ne4 Nb4 17. c3 Nc2 18. Bg5 Nxa1 19. Bf6 Rg8 20. Nfg5 Qf8 21. Nxh7
gxf6 22. Qh3 Qg7 23. Nf8+ 1-0

[Event "XXV Weekend B"]
[Site "Robecchetto con Induno ITA"]
[Date "2014.12.28"]
[Round "4"]
[White "Ossoli, Giuseppe"]
[Black "Minore, Antonino"]
[WhiteElo "1541"]
[BlackElo "1291"]
[Result "0-1"]
[PlyCount "78"]
[EventDate "2014.12.26"]

1. e4 c5 2. d3 e6 3. Nc3 a6 4. g3 Nc6 5. Bg2 Be7 6. f4 Nf6 7. Nf3 O-O 8. O-O b5
9. b3 Bb7 10. e5 Nd5 11. Nxd5 exd5 12. Bd2 f6 13. Re1 f5 14. c3 a5 15. d4 c4
16. Qc2 Qe8 17. Re2 Nd8 18. Rae1 Ne6 19. a3 b4 20. a4 Ba6 21. Re3 Ra7 22. cxb4
axb4 23. bxc4 Bxc4 24. Kh1 Qa8 25. Bh3 g6 26. Bf1 b3 27. Qb2 Rxa4 28. Bxc4 dxc4
29. d5 Qxd5 30. Bc3 Bc5 31. Kg2 Ra2 32. R1e2 Rxb2 33. Rxb2 Ra8 34. Rd2 Ra2 35.
Ree2 Rxd2 36. Rxd2 Bd4 37. Bxd4 Nxd4 38. Rxd4 Qxd4 39. Nxd4 b2 0-1

[Event "XXV Weekend B"]
[Site "Robecchetto con Induno ITA"]
[Date "2014.12.28"]
[Round "4"]
[White "Persico, Lorenzo"]
[Black "Bignami, Matteo"]
[WhiteElo "1408"]
[BlackElo "1536"]
[Result "0-1"]
[PlyCount "88"]
[EventDate "2014.12.26"]

1. e4 e5 2. Nf3 Nc6 3. Bc4 Bc5 4. b4 Bxb4 5. c3 Be7 6. Qb3 Nh6 7. d3 Na5 8. Qb5
Nxc4 9. Qxc4 d6 10. Bxh6 gxh6 11. d4 f6 12. O-O Qd7 13. g3 b5 14. Qd5 c6 15.
Qb3 Qg4 16. Nbd2 Bb7 17. dxe5 fxe5 18. Kg2 Kd7 19. a4 a6 20. c4 Qe6 21. Rab1
Rhb8 22. axb5 cxb5 23. cxb5 Qxb3 24. Rxb3 axb5 25. Rxb5 Ba6 26. Rxb8 Bxf1+ 27.
Kxf1 Rxb8 28. Kg2 Bg5 29. Nc4 Rb4 30. Nxg5 hxg5 31. Nd2 Rd4 32. Nf3 Rxe4 33.
Nxg5 Rg4 34. Nxh7 Ke6 35. h4 d5 36. Ng5+ Kf5 37. Kf3 Ra4 38. g4+ Rxg4 39. Nf7
Rxh4 40. Nd6+ Ke6 41. Nb5 d4 42. Nc7+ Kd6 43. Ne8+ Kc5 44. Nf6 Rf4+ 0-1

[Event "XXV Weekend B"]
[Site "Robecchetto con Induno ITA"]
[Date "2014.12.28"]
[Round "4"]
[White "Pivari, Flavio"]
[Black "Frignani, Alessandro"]
[WhiteElo "1476"]
[BlackElo "1389"]
[Result "1-0"]
[PlyCount "117"]
[EventDate "2014.12.26"]

1. d4 d5 2. c4 c6 3. Nf3 Bf5 4. e3 Qd6 5. Nc3 Nd7 6. c5 Qg6 7. b4 Ngf6 8. b5
Ne4 9. Nxe4 Bxe4 10. bxc6 Qxc6 11. a4 b6 12. Ne5 Qe6 13. Nxd7 Kxd7 14. c6+ Kxc6
15. Bd2 Kd7 16. Bb5+ Kd8 17. f3 Bg6 18. O-O Rc8 19. Rc1 f6 20. a5 Be8 21. Rxc8+
Qxc8 22. Bxe8 Kxe8 23. axb6 axb6 24. Qb3 Qe6 25. e4 Kf7 26. exd5 Qd6 27. Bb4
Qf4 28. d6+ e6 29. d7 Qxd4+ 30. Kh1 Bxb4 31. Rd1 Qc5 32. d8=Q Rxd8 33. Rxd8 Ba5
34. Rd7+ Kg6 35. h4 Qc1+ 36. Rd1 Qf4 37. g3 Qxg3 38. Rg1 Be1 39. Rxg3+ Bxg3 40.
Qxe6 Bxh4 41. Qe4+ Kg5 42. Qg4+ Kh6 43. Qxh4+ Kg6 44. Qg4+ Kf7 45. Qe4 h6 46.
Qb7+ Kg6 47. Qxb6 h5 48. Kg2 Kg5 49. Kh3 f5 50. Qe3+ Kf6 51. Kh4 g6 52. f4 Kf7
53. Qe5 Kg8 54. Kg5 Kh7 55. Qf6 h4 56. Qxg6+ Kh8 57. Qh5+ Kg7 58. Qxh4 Kf7 59.
Kxf5 1-0

[Event "XXV Weekend B"]
[Site "Robecchetto con Induno ITA"]
[Date "2014.12.28"]
[Round "4"]
[White "Rizzi, Domenico"]
[Black "Ruggeri, Igor"]
[WhiteElo "1624"]
[BlackElo "1511"]
[Result "1-0"]
[PlyCount "65"]
[EventDate "2014.12.26"]

1. e4 c6 2. d4 d5 3. Nc3 dxe4 4. Nxe4 Bf5 5. Ng3 Bg6 6. Nf3 h6 7. Bc4 e6 8. Ne5
Qf6 9. O-O Bd6 10. Re1 h5 11. Nxg6 Qxg6 12. d5 Bxg3 13. fxg3 cxd5 14. Qxd5 Nc6
15. Qb5 O-O-O 16. Bf4 Nge7 17. Bd3 Nf5 18. Be4 Nfd4 19. Qc5 f5 20. Bxc6 Nxc6
21. Qc4 Rhe8 22. c3 Qf6 23. Be5 Qf7 24. b4 a6 25. a4 Kd7 26. Rad1+ Kc8 27.
Rxd8+ Rxd8 28. b5 axb5 29. axb5 Qd7 30. bxc6 bxc6 31. Rb1 Qa7+ 32. Kh1 Kd7 33.
Qd4+ 1-0

[Event "XXV Weekend B"]
[Site "Robecchetto con Induno ITA"]
[Date "2014.12.28"]
[Round "4"]
[White "Valtemara, Mattia Angelo"]
[Black "Aloe, Giancarlo"]
[WhiteElo "1444"]
[BlackElo "1631"]
[Result "0-1"]
[PlyCount "88"]
[EventDate "2014.12.26"]

1. e4 c5 2. Nf3 e6 3. c3 Nc6 4. d4 cxd4 5. cxd4 Nf6 6. Nc3 Bb4 7. Bd3 a6 8. Bd2
b5 9. O-O O-O 10. Rc1 Bb7 11. Re1 Rc8 12. Ne2 Qa5 13. a3 Bxd2 14. Qxd2 Qb6 15.
Bb1 Na5 16. Rxc8 Rxc8 17. Nc3 Nc4 18. Qe2 d6 19. Ba2 Nxa3 20. bxa3 Rxc3 21. Qb2
Qc7 22. Bb1 h6 23. h3 Qa5 24. Re2 Qxa3 25. Qxa3 Rxa3 26. Kh2 Rc3 27. Ng1 b4 28.
f3 h5 29. Rb2 a5 30. Ne2 Ra3 31. Kg3 g5 32. Kf2 g4 33. Bc2 gxh3 34. gxh3 h4 35.
Kg2 Ba6 36. Kf2 Bc4 37. Bd1 e5 38. d5 Nd7 39. Rb1 Nc5 40. Bc2 b3 41. Bd1 a4 42.
Kf1 Nd3 43. Kg2 Ra2 44. Kf1 Nf4 0-1

[Event "XXV Weekend B"]
[Site "Robecchetto con Induno ITA"]
[Date "2014.12.28"]
[Round "4"]
[White "Vignati, Andrea"]
[Black "Cazzola, Franco"]
[WhiteElo "1490"]
[BlackElo "1576"]
[Result "1/2-1/2"]
[PlyCount "76"]
[EventDate "2014.12.26"]

1. e4 e6 2. d4 d5 3. exd5 exd5 4. Nf3 Nf6 5. Nc3 Bg4 6. h3 Bh5 7. Bg5 Nbd7 8.
Nxd5 h6 9. Nxf6+ Nxf6 10. Bxf6 Qxf6 11. Be2 O-O-O 12. c3 Bd6 13. O-O g5 14. Re1
Bg6 15. Bd3 h5 16. Bxg6 fxg6 17. Ne5 Rhf8 18. Qc2 Bxe5 19. dxe5 Qf5 20. Re2 g4
21. e6 Rde8 22. Qe4 Qxe4 23. Rxe4 gxh3 24. gxh3 Rf6 25. Rae1 Re7 26. Kg2 c6 27.
Kg3 Kc7 28. f4 Kd6 29. Kh4 Rf5 30. R1e2 c5 31. c4 a6 32. a4 Kc6 33. b3 b5 34.
a5 b4 35. Kg3 Rf6 36. Kh4 Rf5 37. Rg2 Rf6 38. Rge2 Rf5 1/2-1/2

[Event "XXV Weekend B"]
[Site "Robecchetto con Induno ITA"]
[Date "2014.12.28"]
[Round "4"]
[White "Vitale, Aurora"]
[Black "Bolognese, Leonardo"]
[WhiteElo "1410"]
[BlackElo "1488"]
[Result "1-0"]
[PlyCount "73"]
[EventDate "2014.12.26"]

1. e4 e5 2. Nf3 Nc6 3. Bc4 Nf6 4. Nc3 Bc5 5. d3 d6 6. Be3 Bxe3 7. fxe3 Bg4 8.
O-O O-O 9. h3 Bxf3 10. Qxf3 Ne7 11. d4 Ng6 12. Nd5 exd4 13. exd4 Nxd5 14. Bxd5
Qe7 15. Bxb7 Rab8 16. Bd5 Rxb2 17. Bb3 d5 18. exd5 Qb4 19. Rad1 a5 20. a4 Ne7
21. Qe3 Nc8 22. Qc1 Qa3 23. Rd3 Nd6 24. Re1 c5 25. dxc5 Qxc5+ 26. Kh1 Qa3 27.
Qf4 Qb4 28. Qxb4 axb4 29. a5 Ra8 30. Ra1 Ne4 31. Rd4 f5 32. Rxb4 Nd2 33. a6
Nxb3 34. cxb3 Ra7 35. Rb7 Rxb7 36. axb7 Rxb3 37. Ra8+ 1-0

[Event "XXV Weekend B"]
[Site "Robecchetto con Induno ITA"]
[Date "2014.12.28"]
[Round "4"]
[White "Vitale, Piero"]
[Black "Pattano, Antonio"]
[WhiteElo "1359"]
[BlackElo "1437"]
[Result "1-0"]
[PlyCount "113"]
[EventDate "2014.12.26"]

1. d4 d5 2. Nf3 Nf6 3. h3 e6 4. e3 Nc6 5. c4 b6 6. b3 a5 7. Bd2 Be7 8. Nc3 h6
9. a3 O-O 10. Be2 Ba6 11. O-O Ne4 12. Nxe4 dxe4 13. Nh2 Bb7 14. f4 Bf6 15. Ra2
Bh4 16. Be1 f5 17. Bxh4 Qxh4 18. Qe1 Qxe1 19. Rxe1 Rfd8 20. Nf1 Kh7 21. Rd1 Ne7
22. Nd2 Bc6 23. Kh2 g6 24. Rg1 Be8 25. h4 h5 26. Nb1 Ng8 27. Nc3 Nf6 28. Nd1
Rd6 29. Nf2 Rad8 30. Rd1 Ng4+ 31. Bxg4 hxg4 32. Kg3 Kh6 33. Nh1 Kh5 34. Nf2 Bc6
35. Rh1 Bb7 36. Nd1 c5 37. Nc3 cxd4 38. Nb5 R6d7 39. Nxd4 Rd6 40. Kf2 Re8 41.
g3 e5 42. fxe5 Rxe5 43. Rd2 Re8 44. Rc1 Rc8 45. b4 a4 46. c5 Rd5 47. c6 Ba8 48.
b5 Rc5 49. Rdc2 Rxc2+ 50. Rxc2 Re8 51. Rc4 Re5 52. Rxa4 Bxc6 53. bxc6 Rc5 54.
Rb4 Rc3 55. Rxb6 Rxa3 56. Rb7 Ra2+ 57. Ne2 1-0

[Event "XXV Weekend B"]
[Site "Robecchetto con Induno ITA"]
[Date "2014.12.29"]
[Round "5"]
[White "Aloe, Giancarlo"]
[Black "Beltrami, Jacopo"]
[WhiteElo "1631"]
[BlackElo "1642"]
[Result "1-0"]
[PlyCount "110"]
[EventDate "2014.12.26"]

1. d4 d5 2. Nf3 Nf6 3. g3 e6 4. Bg2 Bd6 5. O-O O-O 6. Nbd2 c5 7. c4 Bd7 8. b3
cxd4 9. Nxd4 Nc6 10. Bb2 Nxd4 11. Bxd4 Bc6 12. cxd5 Nxd5 13. Nc4 Bc7 14. e3 f6
15. Qg4 e5 16. Bc5 Qc8 17. Qh5 Qe8 18. Qh4 Rf7 19. Rac1 Rd7 20. Rfd1 Ne7 21.
Bh3 Rxd1+ 22. Rxd1 Bf3 23. Be6+ Kh8 24. Rd2 Rd8 25. Bd6 Qc6 26. Bxe7 Rxd2 27.
Nxd2 Qxe6 28. Ba3 Bc6 29. Qb4 Qe8 30. e4 a5 31. Qc3 b6 32. f3 Qd7 33. Bb2 b5
34. Kg2 Bb6 35. Nf1 Bd4 36. Qd2 Bxb2 37. Qxb2 Qd4 38. Qc2 Qd7 39. Qc5 Kg8 40.
a3 Bb7 41. b4 axb4 42. axb4 Qc6 43. Qxc6 Bxc6 44. Ne3 g6 45. Kf2 Kf7 46. Ng4
Ke6 47. Ke3 f5 48. Nf2 h6 49. Nd3 Kf6 50. Nc5 Be8 51. h4 h5 52. f4 Bf7 53. Nd7+
Ke7 54. Nxe5 fxe4 55. Kxe4 Be6 1-0

[Event "XXV Weekend B"]
[Site "Robecchetto con Induno ITA"]
[Date "2014.12.29"]
[Round "5"]
[White "Bignami, Matteo"]
[Black "Vitale, Aurora"]
[WhiteElo "1536"]
[BlackElo "1410"]
[Result "1-0"]
[PlyCount "73"]
[EventDate "2014.12.26"]

1. e4 e5 2. Nf3 Nc6 3. Bc4 Bc5 4. O-O Nf6 5. d3 d6 6. Bg5 O-O 7. Nc3 Be6 8. Nd5
Bxd5 9. Bxd5 Na5 10. a3 Bb6 11. b4 Nc6 12. c4 Qe7 13. Qa4 Nd8 14. c5 dxc5 15.
bxc5 Bxc5 16. Rfc1 c6 17. Ba2 Bb6 18. h4 h6 19. Bd2 Re8 20. Bb4 Qd7 21. Qd1 Ng4
22. Rc2 Kh8 23. g3 f6 24. Kg2 h5 25. Nh2 Bd4 26. Rac1 g6 27. Nxg4 Qxg4 28. f3
Qd7 29. Qh1 Nf7 30. Bd2 Kg7 31. Rf1 Bb6 32. Rd1 Re7 33. Qf1 Rd8 34. Bc1 Kh7 35.
Kh1 Qd4 36. Rg2 Qd7 37. g4 1-0

[Event "XXV Weekend B"]
[Site "Robecchetto con Induno ITA"]
[Date "2014.12.29"]
[Round "5"]
[White "Castoldi, Andrea"]
[Black "Carando, Enrica"]
[WhiteElo "1419"]
[BlackElo "1362"]
[Result "1/2-1/2"]
[PlyCount "52"]
[EventDate "2014.12.26"]

1. e4 c5 2. Nf3 Nc6 3. d4 cxd4 4. Nxd4 Nf6 5. Nc3 e5 6. Ndb5 d6 7. Bg5 a6 8.
Na3 b5 9. Nd5 Be7 10. Nxf6+ Bxf6 11. Bxf6 gxf6 12. c3 f5 13. Qd5 Qc7 14. Be2
Be6 15. Qd3 Qd7 16. exf5 Bxf5 17. Qf3 Rg8 18. g3 Rb8 19. O-O-O b4 20. Nc4 bxc3
21. Nxd6+ Kf8 22. Qxc3 Nb4 23. Qa3 Rc8+ 24. Nc4 Qe7 25. Qb3 Rg6 26. Rd2 Rgc6
1/2-1/2

[Event "XXV Weekend B"]
[Site "Robecchetto con Induno ITA"]
[Date "2014.12.29"]
[Round "5"]
[White "Cazzola, Franco"]
[Black "Rizzi, Domenico"]
[WhiteElo "1576"]
[BlackElo "1624"]
[Result "1/2-1/2"]
[PlyCount "52"]
[EventDate "2014.12.26"]

1. d4 d5 2. Nf3 e6 3. e3 Nf6 4. Bd3 Bd6 5. O-O O-O 6. Nbd2 Nc6 7. c3 e5 8. dxe5
Nxe5 9. Nxe5 Bxe5 10. h3 Be6 11. Nf3 Bd6 12. Re1 c6 13. Qc2 h6 14. Nd4 Qe7 15.
e4 dxe4 16. Bxe4 Nxe4 17. Qxe4 Rfe8 18. Bf4 Qc7 19. Bxd6 Qxd6 20. Nxe6 Rxe6 21.
Qc2 Rae8 22. Rxe6 Rxe6 23. Rd1 Qe7 24. Qd2 Kh7 25. Kf1 Qc5 26. Qd3+ g6 1/2-1/2

[Event "XXV Weekend B"]
[Site "Robecchetto con Induno ITA"]
[Date "2014.12.29"]
[Round "5"]
[White "Colombo, Abner"]
[Black "Bonuglia, Gabriele"]
[WhiteElo "1307"]
[BlackElo "1428"]
[Result "0-1"]
[PlyCount "56"]
[EventDate "2014.12.26"]

1. e4 c5 2. Nf3 d6 3. d4 cxd4 4. Nxd4 e5 5. Nf5 Nf6 6. Ng3 Nc6 7. Bg5 Be7 8.
Qd2 O-O 9. Nc3 h6 10. Bxh6 gxh6 11. Qxh6 Ng4 12. Qh5 Qb6 13. O-O-O Nxf2 14. Nd5
Qd8 15. Nf5 Bxf5 16. Nxe7+ Qxe7 17. exf5 Nxh1 18. Rxd6 Rfd8 19. Qg4+ Kf8 20.
Rh6 Ke8 21. Rh8+ Kd7 22. f6+ Qe6 23. Qd1+ Kc7 24. Rxd8 Rxd8 25. Bd3 Nf2 26. Qf3
Nxd3+ 27. cxd3 Nd4 28. Qe4 Qxf6 0-1

[Event "XXV Weekend B"]
[Site "Robecchetto con Induno ITA"]
[Date "2014.12.29"]
[Round "5"]
[White "Corbelli, Daniele"]
[Black "Marchesotti, Giovanni"]
[WhiteElo "1353"]
[BlackElo "1475"]
[Result "1/2-1/2"]
[PlyCount "32"]
[EventDate "2014.12.26"]

1. e4 c6 2. d4 d5 3. Nc3 dxe4 4. Nxe4 Bf5 5. Ng3 Bg6 6. h4 h6 7. Nf3 Nd7 8. h5
Bh7 9. Bd3 Bxd3 10. Qxd3 e6 11. Bf4 Ngf6 12. O-O-O Qa5 13. Kb1 O-O-O 14. Qe2 b5
15. Ne5 Nxe5 16. Bxe5 Nd5 1/2-1/2

[Event "XXV Weekend B"]
[Site "Robecchetto con Induno ITA"]
[Date "2014.12.29"]
[Round "5"]
[White "Ferri, Antonio"]
[Black "Ciochetta, Giovanni"]
[WhiteElo "1646"]
[BlackElo "1587"]
[Result "1-0"]
[PlyCount "187"]
[EventDate "2014.12.26"]

1. d4 Nf6 2. c4 e6 3. Nc3 Bb4 4. Bd2 O-O 5. Nf3 Nc6 6. e3 b6 7. a3 Bxc3 8. Bxc3
Bb7 9. Be2 Ne7 10. O-O Ng6 11. b4 a6 12. Re1 Rc8 13. Bd3 Ne4 14. Rc1 Nxc3 15.
Rxc3 d6 16. Qe2 Qf6 17. e4 c5 18. Qe3 Rfd8 19. Be2 Nf4 20. Bf1 e5 21. d5 Rc7
22. h3 Rdc8 23. Rec1 h6 24. Nh2 Qg6 25. g3 Nh5 26. Bg2 Ra8 27. Nf3 Bc8 28. Nh4
Qg5 29. Qxg5 hxg5 30. Nf5 Bxf5 31. exf5 Rac8 32. h4 gxh4 33. gxh4 cxb4 34. axb4
Nf4 35. Bf1 b5 36. Kh2 Nxd5 37. Rd3 Nxb4 38. Rxd6 bxc4 39. h5 a5 40. f6 c3 41.
fxg7 Kxg7 42. Bh3 Rb8 43. h6+ Kh8 44. Bf5 c2 45. Rd2 a4 46. Re2 f6 47. Re3 Nd5
48. Ra3 Nb6 49. Be4 Rc4 50. f3 Rbc8 51. Kg3 Rg8+ 52. Kf2 Rd8 53. Ke2 Nd5 54.
Rxc2 Rxc2+ 55. Bxc2 Nf4+ 56. Ke3 Rc8 57. Be4 Rf8 58. Rxa4 f5 59. Bb1 Rf6 60.
Ra5 Ng6 61. Ra7 Nh4 62. Re7 Rxh6 63. Rxe5 Rf6 64. Re7 Ng6 65. Ra7 Re6+ 66. Kf2
Re5 67. Rf7 Ne7 68. Kg3 Kg8 69. Ba2 Kh8 70. Bc4 Nd5 71. Bxd5 Rxd5 72. Kf4 Rd4+
73. Kxf5 Rd5+ 74. Kg6 Rd6+ 75. Rf6 Rd8 76. f4 Rg8+ 77. Kf7 Rg7+ 78. Ke6 Kg8 79.
f5 Ra7 80. Ke5 Ra5+ 81. Kf4 Ra4+ 82. Kg5 Ra1 83. Rb6 Rg1+ 84. Kf6 Rh1 85. Rb8+
Kh7 86. Kf7 Rg1 87. f6 Rg2 88. Rb5 Rh2 89. Re5 Kh6 90. Ke7 Kg6 91. f7 Rh7 92.
Re6+ Kf5 93. Re1 Kg6 94. Rg1+ 1-0